Μέθοδος διδασκαλίας της αραβικής γλώσσας

Αποθηκεύτηκε σε:
Λεπτομέρειες βιβλιογραφικής εγγραφής
Κύριος συγγραφέας: Fadel, Ibrahim
Μορφή: Βιβλίο
Γλώσσα:Multiple
Greek
Arabic
Δημοσίευση: Αθήνα : Έννοια, c2022.
Θέματα:
Ετικέτες: Προσθήκη ετικέτας
Δεν υπάρχουν, Καταχωρήστε ετικέτα πρώτοι!

MARC

LEADER 00000nam a2200000 a 4500
001 1/126061
008 230127s2022####gr | ||| |||| ||mul||
020 |a 9789606410529 
040 |a GR-MyUa  |b gre  |c GR-MyUa  |e AACR2 
041 1 |a gre  |a ara 
082 7 |a 492.782489   |2 (23) 
100 1 |a Fadel, Ibrahim. 
245 1 0 |a Μέθοδος διδασκαλίας της αραβικής γλώσσας /   |c Ibrahim Fadel. 
260 |a Αθήνα :   |b Έννοια,  |c c2022. 
300 |a 439 σ. ;   |c 29 εκ. 
650 0 |a Arabic language  |x Study and teaching  |x Foreign speakers. 
650 0 |a Second language acquisition. 
650 0 |a Arabic language  |x Textbooks for foreign speakers  |x Greece. 
852 |a INST  |b RHODES  |c EUDOXUS  |e 20230127  |h 492.782489 FAD  |p 005400043374  |q 005400043374  |t EDX  |y 0 
920 |a Εύδοξος  |b Παραγγελία  |y Ρόδος-ΤΜΣ  |z 2022-12 
970 |a ΚΟΖΑ  |b ΜΑΡΙΑ  |z 27/01/2023